LEADER 01426nam a2200289 i 4500 001 000000211925 003 CaOOAMICUS 005 20181019171219.0 008 120320s2010 it u000 u ita u 013 $a190746 020 $a978-88-7615-429-4 040 $aSeMil$bita 100 1 $aChirico, Danilo,$d<1977- >.$0(OLS)http://semarc/name/75667 245 10$aDimenticati :$bvittime della 'ndrangheta : la storia e le storie delle donne e degli uomini assassinati dall'organizzazione criminale più segreta e potente del mondo /$cDanilo Chirico., Alessio Magro. 260 $aRoma :$bCastelvecchi,$c2010. 300 $a458 p. :$bill. ;$c23 cm. 490 0 $aAnalisi [Castelvecchi] ;$v19 650 4$aMafia.$0(OLS)http://semarc/subject/8875 700 1 $aMagro, Alessio.$0(OLS)http://semarc/name/75668 830 0$aAnalisi [Castelvecchi] ;$v19.$0(OLS)http://semarc/title/419340 850 $aSeMil 852 $aSeMil$W1$xVenegono$y1$m3V IV 51$j162364$B162364$CSeMilBibl$Z2$F175841 $81 961 $aOmaggio: Braccini Annamaria 996 $6020$a978-88-7615-429-4$9(OLS)http://semarc/number/207313 996 $6245$aDimenticati :$bvittime della 'ndrangheta : la storia e le storie delle donne e degli uomini assassinati dall'organizzazione criminale più segreta e potente del mondo$9(OLS)http://semarc/title/306030 996 $6260$aRoma :$bCastelvecchi$9(OLS)http://semarc/publisher/36831 LEADER 00856nam a2200217 i 4500 001 000000037724 003 CaOOAMICUS 005 20240709161040.0 008 990603n be u000 u mul u 013 $a8074 020 $a9004095780 040 $aSeMil$bita 245 14$aThe Hagiographa :$btransition from translation to Midrash. 700 1 $aSperber, Alexander <1897->.$0(OLS)http://semarc/name/1480 773 0 $tBible in Aramaic.$dLeiden ; New York ; Köln : Brill, 1959-1992.$gVolume4$w()1635 850 $aSeMil 852 $aSeMil$W1$xVenegono$y1$mSL1.R IV 59/A$j3879$B3879$CSeMilBibl$Z2$F3879 $8I 961 $aAcquisto: Casa editrice 996 $6020$a9004095780$9(OLS)http://semarc/number/6794 996 $6245$aThe Hagiographa :$btransition from translation to Midrash$9(OLS)http://semarc/title/52938